<?xml version="1.0" encoding="UTF-8"?>
<record
    xmlns:xsi="http://www.w3.org/2001/XMLSchema-instance"
    xsi:schemaLocation="http://www.loc.gov/MARC21/slim http://www.loc.gov/standards/marcxml/schema/MARC21slim.xsd"
    xmlns="http://www.loc.gov/MARC21/slim">

  <leader>02885nam0a2200409 i 4500</leader>
  <controlfield tag="001">RU\NLR\BIBL_A\012751806</controlfield>
  <controlfield tag="005">20260407100328.0</controlfield>
  <datafield tag="035" ind1=" " ind2=" ">
    <subfield code="a">(NLR Aleph) 012751806</subfield>
  </datafield>
  <datafield tag="090" ind1=" " ind2=" ">
    <subfield code="a">13034622</subfield>
    <subfield code="c">13034622</subfield>
  </datafield>
  <datafield tag="100" ind1=" " ind2=" ">
    <subfield code="a">20220405d2011    k  y0rusy50      ca</subfield>
  </datafield>
  <datafield tag="101" ind1="0" ind2=" ">
    <subfield code="a">rus</subfield>
  </datafield>
  <datafield tag="102" ind1=" " ind2=" ">
    <subfield code="a">LV</subfield>
    <subfield code="a">RU</subfield>
  </datafield>
  <datafield tag="105" ind1=" " ind2=" ">
    <subfield code="a">ac||b|||000zy</subfield>
  </datafield>
  <datafield tag="181" ind1=" " ind2="0">
    <subfield code="a">b3</subfield>
    <subfield code="b">xb2e  </subfield>
  </datafield>
  <datafield tag="181" ind1=" " ind2="0">
    <subfield code="a">i1</subfield>
    <subfield code="b">axxe  </subfield>
  </datafield>
  <datafield tag="182" ind1=" " ind2="0">
    <subfield code="a">n</subfield>
  </datafield>
  <datafield tag="200" ind1="1" ind2=" ">
    <subfield code="a">&#x421;&#x432;&#x435;&#x442;&#x43B;&#x44B;&#x435; &#x43B;&#x438;&#x43A;&#x438;</subfield>
    <subfield code="e">&#x438;&#x43A;&#x43E;&#x43D;&#x43E;&#x43F;&#x438;&#x441;&#x44C; XVI-XX &#x432;&#x432;. &#x438; &#x440;&#x435;&#x43B;&#x438;&#x433;&#x438;&#x43E;&#x437;&#x43D;&#x430;&#x44F; &#x436;&#x438;&#x432;&#x43E;&#x43F;&#x438;&#x441;&#x44C; XVIII-XXI &#x432;&#x432;.</subfield>
    <subfield code="e">&#x432;&#x44B;&#x441;&#x442;&#x430;&#x432;&#x43A;&#x430;, [2011 &#x433;.</subfield>
    <subfield code="e">&#x438;&#x437; &#x43A;&#x43E;&#x43B;&#x43B;&#x435;&#x43A;&#x446;&#x438;&#x438; &#x440;&#x438;&#x436;&#x441;&#x43A;&#x43E;&#x439; &#x433;&#x430;&#x43B;&#x435;&#x440;&#x435;&#x438; "ID"]</subfield>
    <subfield code="f">&#x413;&#x43E;&#x441;&#x443;&#x434;&#x430;&#x440;&#x441;&#x442;&#x432;&#x435;&#x43D;&#x43D;&#x44B;&#x439; &#x445;&#x443;&#x434;&#x43E;&#x436;&#x435;&#x441;&#x442;&#x432;&#x435;&#x43D;&#x43D;&#x44B;&#x439; &#x43C;&#x443;&#x437;&#x435;&#x439; &#x410;&#x43B;&#x442;&#x430;&#x439;&#x441;&#x43A;&#x43E;&#x433;&#x43E; &#x43A;&#x440;&#x430;&#x44F; [&#x438; &#x434;&#x440;.]</subfield>
  </datafield>
  <datafield tag="203" ind1=" " ind2=" ">
    <subfield code="a">&#x418;&#x437;&#x43E;&#x431;&#x440;&#x430;&#x436;&#x435;&#x43D;&#x438;&#x435;</subfield>
    <subfield code="a">&#x422;&#x435;&#x43A;&#x441;&#x442;</subfield>
    <subfield code="b">&#x432;&#x438;&#x437;&#x443;&#x430;&#x43B;&#x44C;&#x43D;&#x44B;&#x435;</subfield>
    <subfield code="c">&#x43D;&#x435;&#x43F;&#x43E;&#x441;&#x440;&#x435;&#x434;&#x441;&#x442;&#x432;&#x435;&#x43D;&#x43D;&#x44B;&#x435;</subfield>
  </datafield>
  <datafield tag="210" ind1=" " ind2=" ">
    <subfield code="a">[&#x420;&#x438;&#x433;&#x430;]</subfield>
    <subfield code="c">Personal art collections service exhibition hall ID</subfield>
    <subfield code="a">[&#x411;&#x430;&#x440;&#x43D;&#x430;&#x443;&#x43B; &#x438; &#x434;&#x440;.]</subfield>
    <subfield code="c">&#x413;&#x43E;&#x441;&#x443;&#x434;&#x430;&#x440;&#x441;&#x442;&#x432;&#x435;&#x43D;&#x43D;&#x44B;&#x439; &#x445;&#x443;&#x434;&#x43E;&#x436;&#x435;&#x441;&#x442;&#x432;&#x435;&#x43D;&#x43D;&#x44B;&#x439; &#x43C;&#x443;&#x437;&#x435;&#x439; &#x410;&#x43B;&#x442;&#x430;&#x439;&#x441;&#x43A;&#x43E;&#x433;&#x43E; &#x43A;&#x440;&#x430;&#x44F; [&#x438; &#x434;&#x440;.]</subfield>
    <subfield code="d">2011</subfield>
  </datafield>
  <datafield tag="215" ind1=" " ind2=" ">
    <subfield code="a">[16] &#x441;.</subfield>
    <subfield code="c">&#x446;&#x432;. &#x438;&#x43B;., &#x43F;&#x43E;&#x440;&#x442;&#x440;.</subfield>
    <subfield code="d">21&#x445;28</subfield>
  </datafield>
  <datafield tag="601" ind1="0" ind2="2">
    <subfield code="a">&#x413;&#x43E;&#x441;&#x443;&#x434;&#x430;&#x440;&#x441;&#x442;&#x432;&#x435;&#x43D;&#x43D;&#x44B;&#x439; &#x445;&#x443;&#x434;&#x43E;&#x436;&#x435;&#x441;&#x442;&#x432;&#x435;&#x43D;&#x43D;&#x44B;&#x439; &#x43C;&#x443;&#x437;&#x435;&#x439; &#x410;&#x43B;&#x442;&#x430;&#x439;&#x441;&#x43A;&#x43E;&#x433;&#x43E; &#x43A;&#x440;&#x430;&#x44F;</subfield>
    <subfield code="c">&#x411;&#x430;&#x440;&#x43D;&#x430;&#x443;&#x43B;, &#x433;&#x43E;&#x440;&#x43E;&#x434;</subfield>
    <subfield code="x">&#x412;&#x44B;&#x441;&#x442;&#x430;&#x432;&#x43A;&#x438;</subfield>
    <subfield code="z">2011</subfield>
    <subfield code="9">2511613</subfield>
    <subfield code="3">RU\NLR\AUTH\6601703900</subfield>
  </datafield>
  <datafield tag="601" ind1="0" ind2="2">
    <subfield code="a">&#x413;&#x430;&#x43B;&#x435;&#x440;&#x435;&#x44F; &#x441;&#x435;&#x440;&#x432;&#x438;&#x441;&#x430; &#x447;&#x430;&#x441;&#x442;&#x43D;&#x44B;&#x445; &#x43A;&#x43E;&#x43B;&#x43B;&#x435;&#x43A;&#x446;&#x438;&#x439; "ID"</subfield>
    <subfield code="c">&#x420;&#x438;&#x433;&#x430;, &#x433;&#x43E;&#x440;&#x43E;&#x434;; &#x41B;&#x430;&#x442;&#x432;&#x438;&#x44F;</subfield>
    <subfield code="x">&#x41A;&#x43E;&#x43B;&#x43B;&#x435;&#x43A;&#x446;&#x438;&#x44F; &#x438;&#x437;&#x43E;&#x431;&#x440;&#x430;&#x437;&#x438;&#x442;&#x435;&#x43B;&#x44C;&#x43D;&#x43E;&#x433;&#x43E; &#x438;&#x441;&#x43A;&#x443;&#x441;&#x441;&#x442;&#x432;&#x430;</subfield>
    <subfield code="x">&#x412;&#x44B;&#x441;&#x442;&#x430;&#x432;&#x43A;&#x438;</subfield>
    <subfield code="y">&#x411;&#x430;&#x440;&#x43D;&#x430;&#x443;&#x43B;, &#x433;&#x43E;&#x440;&#x43E;&#x434; (&#x410;&#x43B;&#x442;&#x430;&#x439;&#x441;&#x43A;&#x438;&#x439; &#x43A;&#x440;&#x430;&#x439;)</subfield>
    <subfield code="z">2011</subfield>
    <subfield code="9">2511627</subfield>
    <subfield code="3">RU\NLR\AUTH\6601703907</subfield>
  </datafield>
  <datafield tag="606" ind1="1" ind2=" ">
    <subfield code="a">&#x418;&#x43A;&#x43E;&#x43D;&#x43E;&#x43F;&#x438;&#x441;&#x44C; &#x440;&#x443;&#x441;&#x441;&#x43A;&#x430;&#x44F;</subfield>
    <subfield code="x">&#x412;&#x44B;&#x441;&#x442;&#x430;&#x432;&#x43A;&#x438;</subfield>
    <subfield code="y">&#x411;&#x430;&#x440;&#x43D;&#x430;&#x443;&#x43B;, &#x433;&#x43E;&#x440;&#x43E;&#x434; (&#x410;&#x43B;&#x442;&#x430;&#x439;&#x441;&#x43A;&#x438;&#x439; &#x43A;&#x440;&#x430;&#x439;)</subfield>
    <subfield code="z">2011</subfield>
    <subfield code="9">2511622</subfield>
    <subfield code="3">RU\NLR\AUTH\6601703904</subfield>
  </datafield>
  <datafield tag="606" ind1="1" ind2=" ">
    <subfield code="a">&#x418;&#x437;&#x43E;&#x431;&#x440;&#x430;&#x437;&#x438;&#x442;&#x435;&#x43B;&#x44C;&#x43D;&#x43E;&#x435; &#x438;&#x441;&#x43A;&#x443;&#x441;&#x441;&#x442;&#x432;&#x43E; &#x445;&#x440;&#x438;&#x441;&#x442;&#x438;&#x430;&#x43D;&#x441;&#x43A;&#x43E;&#x435;</subfield>
    <subfield code="x">&#x412;&#x44B;&#x441;&#x442;&#x430;&#x432;&#x43A;&#x438;</subfield>
    <subfield code="y">&#x420;&#x43E;&#x441;&#x441;&#x438;&#x44F;</subfield>
    <subfield code="y">&#x411;&#x430;&#x440;&#x43D;&#x430;&#x443;&#x43B;, &#x433;&#x43E;&#x440;&#x43E;&#x434; (&#x410;&#x43B;&#x442;&#x430;&#x439;&#x441;&#x43A;&#x438;&#x439; &#x43A;&#x440;&#x430;&#x439;)</subfield>
    <subfield code="z">2011</subfield>
    <subfield code="9">2511628</subfield>
    <subfield code="3">RU\NLR\AUTH\6601703908</subfield>
  </datafield>
  <datafield tag="686" ind1="1" ind2=" ">
    <subfield code="a">&#x429;101.3(2&#x420;)-2&#x411;&#x430;&#x440;&#x43D;&#x430;&#x443;&#x43B;2 &#x425;&#x443;&#x434;. &#x43C;&#x443;&#x437;&#x435;&#x439; &#x410;&#x43B;&#x442;. &#x43A;&#x440;&#x430;&#x44F; &#x43B;62</subfield>
  </datafield>
  <datafield tag="686" ind1="1" ind2=" ">
    <subfield code="a">&#x429;101.3(4&#x41B;&#x430;&#x442;)-2&#x420;&#x438;&#x433;&#x430;2 &#x413;&#x430;&#x43B;&#x435;&#x440;&#x435;&#x44F; &#x441;&#x435;&#x440;&#x432;&#x438;&#x441;&#x430; &#x447;&#x430;&#x441;&#x442;&#x43D;&#x44B;&#x445; &#x43A;&#x43E;&#x43B;&#x43B;&#x435;&#x43A;&#x446;&#x438;&#x439; "ID" &#x43B;62</subfield>
  </datafield>
  <datafield tag="686" ind1="1" ind2=" ">
    <subfield code="a">&#x429;143(2&#x420;=&#x420;&#x443;&#x441;)-465.6&#x43B;62</subfield>
  </datafield>
  <datafield tag="686" ind1="1" ind2=" ">
    <subfield code="a">&#x429;143(2&#x420;=&#x420;&#x443;&#x441;)&#x43B;62</subfield>
  </datafield>
  <datafield tag="711" ind1="0" ind2="2">
    <subfield code="a">&#x413;&#x430;&#x43B;&#x435;&#x440;&#x435;&#x44F; &#x441;&#x435;&#x440;&#x432;&#x438;&#x441;&#x430; &#x447;&#x430;&#x441;&#x442;&#x43D;&#x44B;&#x445; &#x43A;&#x43E;&#x43B;&#x43B;&#x435;&#x43A;&#x446;&#x438;&#x439; "ID"</subfield>
    <subfield code="c">&#x420;&#x438;&#x433;&#x430;</subfield>
    <subfield code="9">792590</subfield>
    <subfield code="3">RU\NLR\AUTH\880562724</subfield>
  </datafield>
  <datafield tag="711" ind1="1" ind2="2">
    <subfield code="a">"&#x421;&#x432;&#x435;&#x442;&#x43B;&#x44B;&#x435; &#x43B;&#x438;&#x43A;&#x438;", &#x432;&#x44B;&#x441;&#x442;&#x430;&#x432;&#x43A;&#x430;</subfield>
    <subfield code="e">&#x411;&#x430;&#x440;&#x43D;&#x430;&#x443;&#x43B; &#x438; &#x434;&#x440;.</subfield>
    <subfield code="f">2011</subfield>
    <subfield code="9">792596</subfield>
    <subfield code="3">RU\NLR\AUTH\880562727</subfield>
  </datafield>
  <datafield tag="712" ind1="0" ind2="2">
    <subfield code="4">570</subfield>
    <subfield code="a">&#x413;&#x43E;&#x441;&#x443;&#x434;&#x430;&#x440;&#x441;&#x442;&#x432;&#x435;&#x43D;&#x43D;&#x44B;&#x439; &#x445;&#x443;&#x434;&#x43E;&#x436;&#x435;&#x441;&#x442;&#x432;&#x435;&#x43D;&#x43D;&#x44B;&#x439; &#x43C;&#x443;&#x437;&#x435;&#x439; &#x410;&#x43B;&#x442;&#x430;&#x439;&#x441;&#x43A;&#x43E;&#x433;&#x43E; &#x43A;&#x440;&#x430;&#x44F;</subfield>
    <subfield code="c">&#x411;&#x430;&#x440;&#x43D;&#x430;&#x443;&#x43B;</subfield>
    <subfield code="3">RU\NLR\AUTH\8810054534</subfield>
    <subfield code="9">609579</subfield>
  </datafield>
  <datafield tag="942" ind1=" " ind2=" ">
    <subfield code="c">BOOK</subfield>
  </datafield>
  <datafield tag="980" ind1=" " ind2=" ">
    <subfield code="a">NBR</subfield>
  </datafield>
</record>
